[Event "Bundesliga 0102"]
[Site "Deutschland"]
[Date "2002.02.02"]
[Round "6.3"]
[White "Gustafsson, Jan"]
[Black "Hertneck, Gerald"]
[Result "1-0"]
[WhiteElo "2535"]
[BlackElo "2572"]
[PlyCount "53"]
[EventDate "2001.10.06"]
[EventType "team"]
[EventRounds "15"]
[EventCountry "GER"]
[SourceTitle "Bundesliga 0102"]
[Source "DeepChess"]
[SourceDate "2005.01.01"]
[SourceVersion "1"]
[SourceVersionDate "2005.01.01"]
[SourceQuality "1"]
[WhiteTeam "Hamburger SK 1830 e.V."]
[BlackTeam "TV Tegernsee"]
[WhiteTeamCountry "GER"]
[BlackTeamCountry "GER"]

1. Nf3 Nf6 2. c4 c5 3. Nc3 Nc6 4. g3 e6 5. Bg2 d5 6. cxd5 Nxd5 7. O-O Be7 8. d4
O-O 9. Nxd5 exd5 10. dxc5 Bxc5 11. Bg5 Qd7 12. Ne1 h6 13. Bd2 Rd8 14. Nd3 Bb6
15. a4 a5 16. Nf4 d4 17. Nd5 Ra6 18. Rc1 Ba7 19. Bf4 Kh7 20. Nc7 Rb6 21. Nb5
Bb8 22. Bxb8 Nxb8 23. Rc4 Qe8 24. Rxd4 Rxd4 25. Qxd4 Rg6 26. Nd6 Nc6 27. Qd3
1-0

[Event "Bundesliga 0102"]
[Site "Deutschland"]
[Date "2002.02.02"]
[Round "6.4"]
[White "Nataf, Igor Alexandre"]
[Black "Wahls, Matthias"]
[Result "1/2-1/2"]
[WhiteElo "2527"]
[BlackElo "2580"]
[PlyCount "92"]
[EventDate "2001.10.06"]
[EventType "team"]
[EventRounds "15"]
[EventCountry "GER"]
[SourceTitle "Bundesliga 0102"]
[Source "DeepChess"]
[SourceDate "2005.01.01"]
[SourceVersion "1"]
[SourceVersionDate "2005.01.01"]
[SourceQuality "1"]
[WhiteTeam "TV Tegernsee"]
[BlackTeam "Hamburger SK 1830 e.V."]
[WhiteTeamCountry "GER"]
[BlackTeamCountry "GER"]

1. e4 c5 2. Nf3 e6 3. d4 cxd4 4. Nxd4 a6 5. Nc3 b5 6. Bd3 Bb7 7. O-O Qc7 8. Qe2
Bc5 9. Nb3 Be7 10. Bd2 Nc6 11. f4 b4 12. Na4 Nf6 13. e5 Nd5 14. Rae1 g6 15. Kh1
Na5 16. Nd4 Nc6 17. Nf3 O-O 18. Bc4 Na7 19. Qf2 f5 20. exf6 Nxf6 21. Bd3 Bc6
22. b3 Bxa4 23. bxa4 Nc6 24. Qe2 a5 25. Ne5 Nxe5 26. fxe5 Nh5 27. Bh6 Ng7 28.
Qe4 Rxf1+ 29. Rxf1 Rf8 30. Rxf8+ Bxf8 31. g4 Ne8 32. Bf4 Qc3 33. h4 Bg7 34. h5
gxh5 35. Qxh7+ Kf8 36. Qxh5 Qa1+ 37. Kg2 Qxa2 38. Be3 Qd5+ 39. Kf2 b3 40. Bg6
Bxe5 41. cxb3 Nf6 42. Qh8+ Ke7 43. Ke2 Qg2+ 44. Kd3 Qd5+ 45. Ke2 Qg2+ 46. Kd3
Qd5+ 1/2-1/2

[Event "Bundesliga 0102"]
[Site "Deutschland"]
[Date "2002.02.02"]
[Round "6.5"]
[White "Heinemann, Thies"]
[Black "Teske, Henrik"]
[Result "1/2-1/2"]
[WhiteElo "2465"]
[BlackElo "2486"]
[PlyCount "26"]
[EventDate "2001.10.06"]
[EventType "team"]
[EventRounds "15"]
[EventCountry "GER"]
[SourceTitle "Bundesliga 0102"]
[Source "DeepChess"]
[SourceDate "2005.01.01"]
[SourceVersion "1"]
[SourceVersionDate "2005.01.01"]
[SourceQuality "1"]
[WhiteTeam "Hamburger SK 1830 e.V."]
[BlackTeam "TV Tegernsee"]
[WhiteTeamCountry "GER"]
[BlackTeamCountry "GER"]

1. e4 e6 2. d4 d5 3. exd5 exd5 4. Bd3 Bd6 5. Qe2+ Ne7 6. Nf3 O-O 7. O-O Bf5 8.
Bg5 Bxd3 9. Qxd3 c6 10. Nc3 Qc7 11. Rae1 Ng6 12. Qf5 Qd7 13. Qxd7 Nxd7 1/2-1/2

[Event "Bundesliga 0102"]
[Site "Deutschland"]
[Date "2002.02.02"]
[Round "6.6"]
[White "Stangl, Markus"]
[Black "Wilhelmi, Christian"]
[Result "1-0"]
[WhiteElo "2457"]
[BlackElo "2440"]
[PlyCount "121"]
[EventDate "2001.10.06"]
[EventType "team"]
[EventRounds "15"]
[EventCountry "GER"]
[SourceTitle "Bundesliga 0102"]
[Source "DeepChess"]
[SourceDate "2005.01.01"]
[SourceVersion "1"]
[SourceVersionDate "2005.01.01"]
[SourceQuality "1"]
[WhiteTeam "TV Tegernsee"]
[BlackTeam "Hamburger SK 1830 e.V."]
[WhiteTeamCountry "GER"]
[BlackTeamCountry "GER"]

1. Nf3 c5 2. c4 g6 3. d4 cxd4 4. Nxd4 Bg7 5. e4 Nc6 6. Nc2 Nf6 7. Nc3 O-O 8.
Be2 d6 9. O-O b6 10. Be3 Bb7 11. Qd2 Re8 12. Rfd1 Ne5 13. f3 Rc8 14. Na3 Ned7
15. Rac1 Qc7 16. Nab5 Qb8 17. b4 a6 18. Na3 Rcd8 19. Nc2 Ba8 20. Bf1 Rc8 21.
Nd5 h5 22. a4 Bc6 23. Nc3 Ba8 24. Rb1 h4 25. Na3 Nh5 26. Nd5 h3 27. g4 Nhf6 28.
Bxh3 Ne5 29. Nxf6+ Bxf6 30. Qe2 e6 31. f4 Nd7 32. g5 Bg7 33. e5 d5 34. cxd5 Rc3
35. Rd3 Rxd3 36. Qxd3 Bxd5 37. Bg2 Bxg2 38. Kxg2 Qb7+ 39. Kg3 Rc8 40. Nc4 Qc6
41. Rc1 Qd5 42. Qxd5 exd5 43. Nd6 Rxc1 44. Bxc1 Bf8 45. b5 axb5 46. axb5 Bxd6
47. exd6 f6 48. gxf6 Nxf6 49. Kf3 Kf7 50. Be3 Ne4 51. d7 Ke7 52. Bxb6 Kxd7 53.
f5 gxf5 54. Be3 Nf6 55. Kf4 Ne4 56. h4 Ke6 57. b6 Nd6 58. Kg5 Kd7 59. h5 Nf7+
60. Kxf5 Kc6 61. Kf6 1-0

[Event "Bundesliga 0102"]
[Site "Deutschland"]
[Date "2002.02.02"]
[Round "6.7"]
[White "Reeh, Oliver"]
[Black "Kachiani Gersinska, Ketino"]
[Result "1-0"]
[WhiteElo "2416"]
[BlackElo "2453"]
[PlyCount "123"]
[EventDate "2001.10.06"]
[EventType "team"]
[EventRounds "15"]
[EventCountry "GER"]
[SourceTitle "Bundesliga 0102"]
[Source "DeepChess"]
[SourceDate "2005.01.01"]
[SourceVersion "1"]
[SourceVersionDate "2005.01.01"]
[SourceQuality "1"]
[WhiteTeam "Hamburger SK 1830 e.V."]
[BlackTeam "TV Tegernsee"]
[WhiteTeamCountry "GER"]
[BlackTeamCountry "GER"]

1. e4 c6 2. c4 d5 3. cxd5 cxd5 4. exd5 Nf6 5. Nc3 Nxd5 6. Nf3 Nxc3 7. bxc3 g6
8. h4 Bg7 9. h5 O-O 10. hxg6 hxg6 11. d4 Qc7 12. Bd2 Nd7 13. Rc1 Re8 14. Be2 e5
15. Kf1 b6 16. Qb3 a5 17. Ng5 Nf8 18. d5 a4 19. Qb4 Qc5 20. Qxc5 bxc5 21. Ne4
Bf5 22. Nxc5 Ra5 23. Be3 Rc8 24. g4 Raxc5 25. Bxc5 Be4 26. f3 Bxd5 27. Bxf8
Bxf8 28. c4 Ba3 29. Rc3 Bb2 30. Rc2 a3 31. Rh3 Bc6 32. Bd3 Ba4 33. Rch2 e4 34.
Bxe4 Rxc4 35. Rd2 Kg7 36. Kg2 Rc1 37. Rh1 Rc7 38. Rb1 Bc1 39. Rd4 Be8 40. Rd8
Ba4 41. Rd4 Be8 42. Rb7 Rc8 43. Rd6 Kh6 44. Kg3 Bb2 45. f4 Rc3+ 46. Kh4 Kg7 47.
Rxg6+ Kf8 48. Rgb6 Re3 49. Bd5 Rd3 50. Bc4 Rd4 51. Bb5 Bxb5 52. Rxb5 Rxf4 53.
Rf5 Rxf5 54. gxf5 Kg7 55. Rb6 Bd4 56. Ra6 Bb2 57. Kg4 Bc1 58. Kf3 Bb2 59. Kg4
Bc1 60. Kh5 Bb2 61. f6+ Kh7 62. Kg5 1-0

[Event "Bundesliga 0102"]
[Site "Deutschland"]
[Date "2002.02.02"]
[Round "6.8"]
[White "Bromberger, Stefan"]
[Black "Sebastian, Dirk"]
[Result "1/2-1/2"]
[WhiteElo "2353"]
[BlackElo "2361"]
[PlyCount "61"]
[EventDate "2001.10.06"]
[EventType "team"]
[EventRounds "15"]
[EventCountry "GER"]
[SourceTitle "Bundesliga 0102"]
[Source "DeepChess"]
[SourceDate "2005.01.01"]
[SourceVersion "1"]
[SourceVersionDate "2005.01.01"]
[SourceQuality "1"]
[WhiteTeam "TV Tegernsee"]
[BlackTeam "Hamburger SK 1830 e.V."]
[WhiteTeamCountry "GER"]
[BlackTeamCountry "GER"]

1. e4 e5 2. Nf3 Nc6 3. Bb5 a6 4. Ba4 Nf6 5. O-O Bc5 6. Nxe5 Nxe5 7. d4 b5 8.
Bb3 Bxd4 9. Qxd4 d6 10. Qe3 O-O 11. a4 Bb7 12. Nc3 Re8 13. axb5 axb5 14. Rxa8
Bxa8 15. f3 Qb8 16. Rd1 c5 17. Nd5 Nfd7 18. c3 c4 19. Bc2 Bxd5 20. Rxd5 Nf6 21.
Rd1 d5 22. exd5 Neg4 23. Qf4 Qa7+ 24. Qd4 Qxd4+ 25. cxd4 Ne3 26. Bxe3 Rxe3 27.
Ra1 g6 28. Kf2 Re8 29. Ra5 Nxd5 30. Rxb5 Nf4 31. Be4 1/2-1/2

[Event "Bundesliga 0102"]
[Site "Deutschland"]
[Date "2002.02.02"]
[Round "6.1"]
[White "Shirov, Alexei"]
[Black "Golubev, Mihail"]
[Result "1/2-1/2"]
[WhiteElo "2706"]
[BlackElo "2526"]
[PlyCount "74"]
[EventDate "2001.10.06"]
[EventType "team"]
[EventRounds "15"]
[EventCountry "GER"]
[SourceTitle "Bundesliga 0102"]
[Source "DeepChess"]
[SourceDate "2005.01.01"]
[SourceVersion "1"]
[SourceVersionDate "2005.01.01"]
[SourceQuality "1"]
[WhiteTeam "Luebecker SV von 1873 "]
[BlackTeam "Stuttgarter SF 1879"]
[WhiteTeamCountry "GER"]
[BlackTeamCountry "GER"]

1. e4 c5 2. Nf3 d6 3. d4 cxd4 4. Nxd4 Nf6 5. Nc3 g6 6. Be3 Bg7 7. f3 Nc6 8. Qd2
O-O 9. O-O-O d5 10. exd5 Nxd5 11. Nxc6 bxc6 12. Bd4 e5 13. Bc5 Re8 14. Ne4 Qc7
15. h4 Rd8 16. h5 f5 17. hxg6 fxe4 18. fxe4 Be6 19. exd5 cxd5 20. Ba3 hxg6 21.
g4 e4 22. Qg5 Qf7 23. Be2 Bf6 24. Qe3 d4 25. Qxe4 Bd5 26. Qd3 Bxh1 27. Rxh1 Re8
28. Bf3 Rad8 29. Be4 Kg7 30. Kb1 Qe6 31. Bf3 Qe3 32. Bc5 Qxd3 33. cxd3 Re3 34.
Be4 Rd7 35. a4 Be7 36. Bc6 Bxc5 37. Bxd7 Rxd3 1/2-1/2

[Event "Bundesliga 0102"]
[Site "Deutschland"]
[Date "2002.02.02"]
[Round "6.2"]
[White "Hickl, Joerg"]
[Black "Adams, Michael"]
[Result "1/2-1/2"]
[WhiteElo "2600"]
[BlackElo "2744"]
[PlyCount "55"]
[EventDate "2001.10.06"]
[EventType "team"]
[EventRounds "15"]
[EventCountry "GER"]
[SourceTitle "Bundesliga 0102"]
[Source "DeepChess"]
[SourceDate "2005.01.01"]
[SourceVersion "1"]
[SourceVersionDate "2005.01.01"]
[SourceQuality "1"]
[WhiteTeam "Stuttgarter SF 1879"]
[BlackTeam "Luebecker SV von 1873 "]
[WhiteTeamCountry "GER"]
[BlackTeamCountry "GER"]

1. Nf3 Nf6 2. g3 d5 3. Bg2 c6 4. b3 Bg4 5. Bb2 e6 6. d3 a5 7. a3 Be7 8. O-O O-O
9. Nbd2 c5 10. Ne5 Bh5 11. c4 Nbd7 12. Re1 d4 13. Nef3 Rb8 14. Qc2 Re8 15. e3
e5 16. exd4 exd4 17. b4 cxb4 18. axb4 Bxb4 19. Rxe8+ Nxe8 20. Nxd4 Nc5 21. N2b3
Bg6 22. Bf1 Nxb3 23. Nxb3 b6 24. Nd4 Qd7 25. Nf3 Nc7 26. Ne5 Qd6 27. Qa4 f6 28.
Nxg6 {(=)} 1/2-1/2

[Event "Bundesliga 0102"]
[Site "Deutschland"]
[Date "2002.02.02"]
[Round "6.3"]
[White "Bareev, Evgeny"]
[Black "Gabriel, Christian"]
[Result "1/2-1/2"]
[WhiteElo "2719"]
[BlackElo "2545"]
[PlyCount "48"]
[EventDate "2001.10.06"]
[EventType "team"]
[EventRounds "15"]
[EventCountry "GER"]
[SourceTitle "Bundesliga 0102"]
[Source "DeepChess"]
[SourceDate "2005.01.01"]
[SourceVersion "1"]
[SourceVersionDate "2005.01.01"]
[SourceQuality "1"]
[WhiteTeam "Luebecker SV von 1873 "]
[BlackTeam "Stuttgarter SF 1879"]
[WhiteTeamCountry "GER"]
[BlackTeamCountry "GER"]

1. d4 Nf6 2. c4 g6 3. Nc3 Bg7 4. e4 d6 5. Be2 O-O 6. Nf3 e5 7. O-O Nc6 8. d5
Ne7 9. b4 Ne8 10. c5 f5 11. Ng5 h6 12. Ne6 Bxe6 13. dxe6 fxe4 14. cxd6 Nxd6 15.
b5 Kh7 16. Ba3 Nef5 17. Rc1 Rc8 18. Bg4 Re8 19. Bxd6 cxd6 20. Nd5 Rxc1 21. Qxc1
Rxe6 22. Qa3 Qg5 23. Bh3 Qd2 24. Ne3 Nxe3 1/2-1/2

[Event "Bundesliga 0102"]
[Site "Deutschland"]
[Date "2002.02.02"]
[Round "6.4"]
[White "Bunzmann, Dimitrij"]
[Black "Vallejo Pons, Francisco"]
[Result "1/2-1/2"]
[WhiteElo "2509"]
[BlackElo "2630"]
[PlyCount "62"]
[EventDate "2001.10.06"]
[EventType "team"]
[EventRounds "15"]
[EventCountry "GER"]
[SourceTitle "Bundesliga 0102"]
[Source "DeepChess"]
[SourceDate "2005.01.01"]
[SourceVersion "1"]
[SourceVersionDate "2005.01.01"]
[SourceQuality "1"]
[WhiteTeam "Stuttgarter SF 1879"]
[BlackTeam "Luebecker SV von 1873 "]
[WhiteTeamCountry "GER"]
[BlackTeamCountry "GER"]

1. d4 d5 2. c4 c6 3. Nc3 e6 4. e4 Bb4 5. exd5 cxd5 6. cxd5 exd5 7. Bd3 Nc6 8.
Nge2 Nge7 9. O-O O-O 10. Nf4 Qd6 11. Be3 Bxc3 12. bxc3 Rd8 13. Qb1 g6 14. Rd1
b6 15. c4 dxc4 16. Bxc4 Na5 17. Be2 Bb7 18. d5 Rac8 19. Qb5 Nf5 20. Rac1 Nxe3
21. Rxc8 Rxc8 22. fxe3 Qe5 23. Kf2 Rd8 24. h4 Ba8 25. d6 Qf6 26. Qg5 Qxg5 27.
hxg5 Bc6 28. Ba6 Kf8 29. Rd4 b5 30. Ke2 Be8 31. Rd5 Nc4 1/2-1/2

[Event "Bundesliga 0102"]
[Site "Deutschland"]
[Date "2002.02.02"]
[Round "6.5"]
[White "Nunn, John DM"]
[Black "Buhmann, Rainer"]
[Result "1/2-1/2"]
[WhiteElo "2584"]
[BlackElo "2498"]
[PlyCount "114"]
[EventDate "2001.10.06"]
[EventType "team"]
[EventRounds "15"]
[EventCountry "GER"]
[SourceTitle "Bundesliga 0102"]
[Source "DeepChess"]
[SourceDate "2005.01.01"]
[SourceVersion "1"]
[SourceVersionDate "2005.01.01"]
[SourceQuality "1"]
[WhiteTeam "Luebecker SV von 1873 "]
[BlackTeam "Stuttgarter SF 1879"]
[WhiteTeamCountry "GER"]
[BlackTeamCountry "GER"]

1. e4 e6 2. d4 d5 3. Nd2 c5 4. exd5 Qxd5 5. Ngf3 cxd4 6. Bc4 Qd6 7. O-O Nf6 8.
Nb3 Nc6 9. Nbxd4 Nxd4 10. Nxd4 a6 11. Bb3 Bd7 12. c3 Qc7 13. Bg5 O-O-O 14. Qf3
Bd6 15. h3 Rhg8 16. Rad1 h6 17. Bh4 g5 18. Qxf6 gxh4 19. Bc2 Bc6 20. Nxc6 Qxc6
21. f3 Qc5+ 22. Kh1 Qg5 23. Qxg5 hxg5 24. Rd3 Bc5 25. Rfd1 Rxd3 26. Rxd3 Rd8
27. Rxd8+ Kxd8 28. Kh2 Bf2 29. Be4 Kc7 30. Bh7 f5 31. Bg8 Kd6 32. c4 a5 33. b3
b6 34. Bf7 Ke7 35. Bg8 Kf6 36. Kh1 Bc5 37. Kh2 Bf2 38. Kh1 e5 39. Bd5 Ke7 40.
a3 Kd6 41. b4 a4 42. g4 hxg3 43. Kg2 Bd4 44. Bf7 Bb2 45. Be8 Bxa3 46. c5+ bxc5
47. bxc5+ Bxc5 48. Bxa4 Bf2 49. Bc2 Ke6 50. Bb3+ Kf6 51. Bc2 Be1 52. Bd3 Bf2
53. Bc2 g4 54. hxg4 fxg4 55. fxg4 Kg5 56. Kf3 Kh4 57. Bd3 Bd4 1/2-1/2

[Event "Bundesliga 0102"]
[Site "Deutschland"]
[Date "2002.02.02"]
[Round "6.6"]
[White "Duppel, Matthias"]
[Black "Hansen, Lars Bo"]
[Result "0-1"]
[WhiteElo "2455"]
[BlackElo "2586"]
[PlyCount "79"]
[EventDate "2001.10.06"]
[EventType "team"]
[EventRounds "15"]
[EventCountry "GER"]
[SourceTitle "Bundesliga 0102"]
[Source "DeepChess"]
[SourceDate "2005.01.01"]
[SourceVersion "1"]
[SourceVersionDate "2005.01.01"]
[SourceQuality "1"]
[WhiteTeam "Stuttgarter SF 1879"]
[BlackTeam "Luebecker SV von 1873 "]
[WhiteTeamCountry "GER"]
[BlackTeamCountry "GER"]

1. d4 d5 2. c4 e6 3. Nc3 Nf6 4. cxd5 exd5 5. Bg5 Be7 6. e3 c6 7. Qc2 Nbd7 8.
Bd3 Nh5 9. Bxe7 Qxe7 10. O-O-O Nb6 11. h3 g6 12. Nf3 Ng7 13. g4 Be6 14. Kb1 O-O
15. Ne2 Rac8 16. Rc1 c5 17. dxc5 Nd7 18. Nf4 Nxc5 19. Nd4 Qd6 20. Qd2 Bd7 21.
Rc2 Nge6 22. Nde2 Nxf4 23. Nxf4 d4 24. e4 Nxd3 25. Nxd3 Rxc2 26. Qxc2 Rc8 27.
Qd2 Ba4 28. Rc1 Rxc1+ 29. Nxc1 Bc6 30. f3 Qg3 31. Qd1 Qxh3 32. Nb3 Ba4 33. Qxd4
Qxf3 34. g5 Bc6 35. Nc5 Qf1+ 36. Kc2 Qg2+ 37. Kc3 Qxg5 38. Qd6 h5 39. Qb8+ Kh7
40. Qd6 0-1

[Event "Bundesliga 0102"]
[Site "Deutschland"]
[Date "2002.02.02"]
[Round "6.7"]
[White "De Firmian, Nick E"]
[Black "Volke, Karsten"]
[Result "1-0"]
[WhiteElo "2552"]
[BlackElo "2467"]
[PlyCount "105"]
[EventDate "2001.10.06"]
[EventType "team"]
[EventRounds "15"]
[EventCountry "GER"]
[SourceTitle "Bundesliga 0102"]
[Source "DeepChess"]
[SourceDate "2005.01.01"]
[SourceVersion "1"]
[SourceVersionDate "2005.01.01"]
[SourceQuality "1"]
[WhiteTeam "Luebecker SV von 1873 "]
[BlackTeam "Stuttgarter SF 1879"]
[WhiteTeamCountry "GER"]
[BlackTeamCountry "GER"]

1. e4 c6 2. d4 d5 3. Nc3 dxe4 4. Nxe4 Bf5 5. Ng3 Bg6 6. h4 h6 7. Nf3 Nd7 8. h5
Bh7 9. Bd3 Bxd3 10. Qxd3 e6 11. Bf4 Bb4+ 12. c3 Be7 13. O-O-O Ngf6 14. c4 O-O
15. Kb1 a5 16. Ne4 Nxe4 17. Qxe4 a4 18. Qe2 a3 19. b3 Qa5 20. g4 Rad8 21. Rhg1
Bb4 22. Qc2 Nf6 23. g5 Nxh5 24. Be5 Bd6 25. Rde1 Qc7 26. gxh6 Bxe5 27. Rxe5 f5
28. Rxe6 Qf4 29. Qe2 Rd6 30. h7+ Kh8 31. Rxd6 Qxd6 32. Ne5 Nf6 33. Ng6+ Kxh7
34. Nxf8+ Qxf8 35. Qd3 g6 36. Qh3+ Nh5 37. Qe3 Qb4 38. Kc2 Nf6 39. Qe6 Qf8 40.
Rh1+ Kg7 41. f3 Nh5 42. Re1 Kh6 43. Qe7 Qb8 44. Qxa3 Qh2+ 45. Kb1 Qf2 46. Qc1+
f4 47. Qd1 Ng3 48. d5 cxd5 49. cxd5 Nf5 50. d6 Ne3 51. Rh1+ Kg7 52. Qd4+ Kf7
53. Rh7+ 1-0

[Event "Bundesliga 0102"]
[Site "Deutschland"]
[Date "2002.02.02"]
[Round "6.8"]
[White "Zeller, Frank"]
[Black "Hector, Jonny"]
[Result "1/2-1/2"]
[WhiteElo "2442"]
[BlackElo "2552"]
[PlyCount "56"]
[EventDate "2001.10.06"]
[EventType "team"]
[EventRounds "15"]
[EventCountry "GER"]
[SourceTitle "Bundesliga 0102"]
[Source "DeepChess"]
[SourceDate "2005.01.01"]
[SourceVersion "1"]
[SourceVersionDate "2005.01.01"]
[SourceQuality "1"]
[WhiteTeam "Stuttgarter SF 1879"]
[BlackTeam "Luebecker SV von 1873 "]
[WhiteTeamCountry "GER"]
[BlackTeamCountry "GER"]

1. e4 e5 2. Nf3 Nc6 3. Bb5 a6 4. Ba4 Nf6 5. Qe2 b5 6. Bb3 Be7 7. a4 Bb7 8. axb5
axb5 9. Rxa8 Qxa8 10. Nc3 O-O 11. Nxb5 Na5 12. d3 Nxb3 13. cxb3 d5 14. exd5
Qa5+ 15. Nc3 Nxd5 16. O-O Nxc3 17. bxc3 Bxf3 18. gxf3 Qxc3 19. Bb2 Qxb3 20.
Bxe5 Qe6 21. Qe4 c5 22. Re1 Rd8 23. Re3 Bf8 24. Kg2 Rd5 25. f4 Qd7 26. Rg3 Qe6
27. Re3 Qd7 28. Rg3 Qe6 1/2-1/2

[Event "Bundesliga 0102"]
[Site "Deutschland"]
[Date "2002.02.02"]
[Round "6.1"]
[White "Piket, Jeroen"]
[Black "Hracek, Zbynek"]
[Result "1-0"]
[WhiteElo "2630"]
[BlackElo "2610"]
[PlyCount "81"]
[EventDate "2001.10.06"]
[EventType "team"]
[EventRounds "15"]
[EventCountry "GER"]
[SourceTitle "Bundesliga 0102"]
[Source "DeepChess"]
[SourceDate "2005.01.01"]
[SourceVersion "1"]
[SourceVersionDate "2005.01.01"]
[SourceQuality "1"]
[WhiteTeam "SG 1868 Aljech. Solingen"]
[BlackTeam "SAbt SV Werder Bremen"]
[WhiteTeamCountry "GER"]
[BlackTeamCountry "GER"]

1. d4 Nf6 2. c4 e6 3. Nf3 b6 4. a3 Bb7 5. Nc3 d5 6. cxd5 Nxd5 7. e3 Nd7 8. Bd3
N5f6 9. O-O c5 10. Qe2 cxd4 11. exd4 Be7 12. Re1 O-O 13. Bd2 Rc8 14. Rad1 Nd5
15. Ne4 N5f6 16. Neg5 Bd5 17. Ne5 g6 18. Nh3 Nh5 19. Bh6 Ng7 20. Nf4 Bb3 21.
Rc1 Rxc1 22. Rxc1 Nxe5 23. dxe5 Qd7 24. Rc3 Ba4 25. Qe4 Bb5 26. Bxg7 Kxg7 27.
Nh5+ Kg8 28. Nf6+ Bxf6 29. exf6 Bxd3 30. Qxd3 Qxd3 31. Rxd3 h6 32. h4 Rc8 33.
b4 e5 34. b5 e4 35. Rd7 Rc1+ 36. Kh2 Rc5 37. g4 Rc2 38. Kg1 Rc4 39. Rd8+ Kh7
40. Rf8 g5 41. h5 1-0

[Event "Bundesliga 0102"]
[Site "Deutschland"]
[Date "2002.02.02"]
[Round "6.3"]
[White "Lobron, Eric"]
[Black "Schandorff, Lars"]
[Result "1/2-1/2"]
[WhiteElo "2524"]
[BlackElo "2551"]
[PlyCount "49"]
[EventDate "2001.10.06"]
[EventType "team"]
[EventRounds "15"]
[EventCountry "GER"]
[SourceTitle "Bundesliga 0102"]
[Source "DeepChess"]
[SourceDate "2005.01.01"]
[SourceVersion "1"]
[SourceVersionDate "2005.01.01"]
[SourceQuality "1"]
[WhiteTeam "SG 1868 Aljech. Solingen"]
[BlackTeam "SAbt SV Werder Bremen"]
[WhiteTeamCountry "GER"]
[BlackTeamCountry "GER"]

1. d4 Nf6 2. c4 e6 3. Nf3 b6 4. g3 Ba6 5. b3 Bb4+ 6. Bd2 Be7 7. Bg2 c6 8. O-O
d5 9. Qc2 Nbd7 10. Rd1 O-O 11. Bf4 Nh5 12. Bc1 Nhf6 13. Bf4 Rc8 14. Nc3 Nh5 15.
Bc1 Nhf6 16. Bf4 Nh5 17. Bc1 Nhf6 18. e4 dxc4 19. Bf4 b5 20. bxc4 bxc4 21. Rab1
Qa5 22. Bd2 Qc7 23. Bf4 Qa5 24. Bd2 Qc7 25. Bf4 1/2-1/2

[Event "Bundesliga 0102"]
[Site "Deutschland"]
[Date "2002.02.02"]
[Round "6.4"]
[White "Knaak, Rainer"]
[Black "Emms, John M"]
[Result "1/2-1/2"]
[WhiteElo "2494"]
[BlackElo "2532"]
[PlyCount "115"]
[EventDate "2001.10.06"]
[EventType "team"]
[EventRounds "15"]
[EventCountry "GER"]
[SourceTitle "Bundesliga 0102"]
[Source "DeepChess"]
[SourceDate "2005.01.01"]
[SourceVersion "1"]
[SourceVersionDate "2005.01.01"]
[SourceQuality "1"]
[WhiteTeam "SAbt SV Werder Bremen"]
[BlackTeam "SG 1868 Aljech. Solingen"]
[WhiteTeamCountry "GER"]
[BlackTeamCountry "GER"]

1. d4 Nf6 2. Bg5 e6 3. Nd2 h6 4. Bh4 c5 5. e3 b6 6. Ngf3 Bb7 7. Bd3 Be7 8. O-O
O-O 9. c3 d6 10. e4 Nbd7 11. Re1 Nh5 12. Bxe7 Qxe7 13. g3 cxd4 14. cxd4 Nhf6
15. Qe2 Rfc8 16. Ba6 Bxa6 17. Qxa6 Rc7 18. Qa3 Qf8 19. Rac1 Rac8 20. b4 Qd8 21.
b5 Qf8 22. Qb2 Qd8 23. Kg2 Rxc1 24. Rxc1 Rc7 25. Ne1 Qc8 26. Rxc7 Qxc7 27. Qc2
Ne8 28. a4 Kf8 29. Nc4 Ndf6 30. f3 d5 31. Nd2 Nd7 32. Kf2 Ke7 33. Ke2 g6 34.
Kd1 h5 35. Nd3 Qxc2+ 36. Kxc2 Nc7 37. Nb4 Nb8 38. Nb1 a6 39. Nc3 axb5 40. axb5
Kd6 41. h4 dxe4 42. Nxe4+ Ke7 43. Nc3 Nd7 44. Na6 Kd8 45. Nxc7 Kxc7 46. Ne4 Kd8
47. Kd3 Ke7 48. Ke3 e5 49. g4 f5 50. gxf5 gxf5 51. Nc3 Ke6 52. dxe5 Kxe5 53.
Ne2 Nf6 54. Nf4 Ne8 55. Nxh5 Nd6 56. Nf4 Nc4+ 57. Kd3 Nd6 58. Ke3 1/2-1/2

[Event "Bundesliga 0102"]
[Site "Deutschland"]
[Date "2002.02.02"]
[Round "6.5"]
[White "Chandler, Murray G"]
[Black "Joachim, Sven"]
[Result "1/2-1/2"]
[WhiteElo "2540"]
[BlackElo "2443"]
[PlyCount "76"]
[EventDate "2001.10.06"]
[EventType "team"]
[EventRounds "15"]
[EventCountry "GER"]
[SourceTitle "Bundesliga 0102"]
[Source "DeepChess"]
[SourceDate "2005.01.01"]
[SourceVersion "1"]
[SourceVersionDate "2005.01.01"]
[SourceQuality "1"]
[WhiteTeam "SG 1868 Aljech. Solingen"]
[BlackTeam "SAbt SV Werder Bremen"]
[WhiteTeamCountry "GER"]
[BlackTeamCountry "GER"]

1. e4 c5 2. Nc3 Nc6 3. Nf3 d6 4. d4 cxd4 5. Nxd4 Nf6 6. Bg5 e6 7. Qd2 a6 8.
O-O-O Nxd4 9. Qxd4 Be7 10. f4 b5 11. Be2 Rb8 12. e5 dxe5 13. Qxe5 Qb6 14. f5
Rb7 15. Bf3 Rc7 16. Be3 Bc5 17. Bxc5 Qxc5 18. Qxc5 Rxc5 19. fxe6 fxe6 20. Rhe1
Ke7 21. Ne2 Bd7 22. Nd4 b4 23. Rd2 Rb8 24. g3 Rb6 25. Bg2 Rd6 26. Bh3 e5 27.
Bg2 Ra5 28. Nb3 Rxd2 29. Kxd2 Rxa2 30. Kc1 Ba4 31. Rxe5+ Kd6 32. Re3 Bxb3 33.
Rxb3 Ra1+ 34. Kd2 a5 35. Rd3+ Kc5 36. b3 a4 37. bxa4 Rxa4 38. Bf3 Ra2 1/2-1/2

[Event "Bundesliga 0102"]
[Site "Deutschland"]
[Date "2002.02.02"]
[Round "6.6"]
[White "Meins, Gerlef"]
[Black "Rowson, Jonathan"]
[Result "1-0"]
[WhiteElo "2415"]
[BlackElo "2514"]
[PlyCount "61"]
[EventDate "2001.10.06"]
[EventType "team"]
[EventRounds "15"]
[EventCountry "GER"]
[SourceTitle "Bundesliga 0102"]
[Source "DeepChess"]
[SourceDate "2005.01.01"]
[SourceVersion "1"]
[SourceVersionDate "2005.01.01"]
[SourceQuality "1"]
[WhiteTeam "SAbt SV Werder Bremen"]
[BlackTeam "SG 1868 Aljech. Solingen"]
[WhiteTeamCountry "GER"]
[BlackTeamCountry "GER"]

1. d4 Nf6 2. c4 g6 3. Nc3 d5 4. Bf4 Bg7 5. e3 c5 6. dxc5 Qa5 7. Rc1 dxc4 8.
Bxc4 O-O 9. Nf3 Qxc5 10. Bb3 Qa5 11. O-O Na6 12. Ng5 h6 13. Nxf7 Rxf7 14. Bxf7+
Kxf7 15. Qb3+ Ke8 16. Ne4 Nd5 17. Rfd1 Be6 18. Qxb7 Rd8 19. Nd6+ Kf8 20. Nc4
Qxa2 21. Ne5 Bxe5 22. Bxe5 Kf7 23. Ra1 Nf6 24. Bd4 Qb3 25. Qxa6 Bc4 26. Qa5 Rd5
27. Qc3 e5 28. Qxb3 Bxb3 29. Rd3 Bc4 30. Rc3 Bb5 31. Bxa7 1-0